Statistiken für European Darts Matchplay

Klicken Sie hier um das Quiz zu spielen!

Allgemein

  • Dieses Quiz wurde 128 mal gespielt
    (68 seit der letzten Aktualisierung)
  • Das Durchschnittsergebnis liegt bei 6 aus 7

Antwortstatistiken

JahrNationalitätSieger% Korrekt
2015NiederlandeMichael van Gerwen
100%
2017NiederlandeMichael van Gerwen
100%
2018NiederlandeMichael van Gerwen
100%
2022EnglandLuke Humphries
75%
2023EnglandLuke Humphries
75%
2016EnglandJames Wade
71%
2019EnglandJoe Cullen
52%

Verteilung der Resultate

Perzentil nach korrekt beantworteten Fragen

Anzahl Personen mit jedem Resultat

Ihre Resultats-Entwicklung

Sie haben dieses Quiz seit der letzten Aktualisierung nicht gespielt